000
00208 a2200097 4500
001
10356
100
_a
Elen, L W F
245
_a
Differential equations Pt 1
260
_a
_b
Macmillan
_c
090
_c
8009
_d
8009
942
_a
NUST-CAE
_c
M
_c
34722
999
_c
245429
_d
245429